[Event "Marseille op 2nd "]
[Site "Marseille"]
[Date "2009.12.28"]
[Round "6"]
[White "Martin, Axel"]
[Black "Rezki, Bernard"]
[Result "1-0"]
[WhiteElo "1784"]
[BlackElo "1960"]
[PlyCount "95"]
[EventDate "2009.12.26"]
[EventType "swiss"]
[EventRounds "9"]
[EventCountry "FRA"]
[SourceTitle "CBM 134 Extra"]
[Source "ChessBase"]
[SourceDate "2010.03.03"]
[SourceVersion "1"]
[SourceVersionDate "2010.03.03"]
[SourceQuality "1"]

1. e4 c5 2. Nf3 d6 3. d4 cxd4 4. Nxd4 Nf6 5. Nc3 a6 6. Bg5 e6 7. f4 Be7 8. Qf3 Nc6 9. 0-0-0 Qc7 10. Be2 Bd7 11. Rhe1 Rc8 12. Bf1 Nxd4 13. Rxd4 Bc6 14. Kb1 0-0 15. Rd2 Rfd8 16. Red1 b5 17. a3 d5 18. Bxf6 dxe4 19. Rxd8+ Bxd8 20. Bxd8 Rxd8 21. Rxd8+ Qxd8 22. Qd1 Qe7 23. Qd4 f5 24. g3 Kf7 25. Be2 Qd7 26. Qxd7+ Bxd7 27. a4 b4 28. Nd1 Bxa4 29. Bxa6 Kf6 30. Ne3 g5 31. c4 bxc3 32. bxc3 gxf4 33. gxf4 e5 34. fxe5+ Kxe5 35. Ng2 f4 36. Kc1 Bc6 37. Ne1 f3 38. Kd2 Kf4 39. Nc2 h6 40. Ne3 Bd7 41. Bb7 h5 42. c4 Bg4 43. Nxg4 hxg4 44. c5 e3+ 45. Ke1 Ke5 46. Kf1 f2 47. Ke2 Ke6 48. Bg2 1-0